[Event "BCF-chT1a 1011 (4NCL)"]
[Site "England"]
[Date "2011.02.19"]
[Round "5.11"]
[White "Martin, Katie"]
[Black "Stanford, Sheila Barth"]
[Result "0-1"]
[WhiteElo "1901"]
[BlackElo "2173"]
[PlyCount "55"]
[EventDate "2010.11.06"]
[EventType "team-tourn"]
[EventRounds "7"]
[EventCountry "ENG"]
[SourceTitle "EXT 2012"]
[Source "ChessBase"]
[SourceDate "2011.11.24"]
[SourceVersion "1"]
[SourceVersionDate "2011.11.24"]
[SourceQuality "1"]
[WhiteTeam "Pandoras Box"]
[BlackTeam "Pride and Prejudice"]
[WhiteTeamCountry "ENG"]
[BlackTeamCountry "ENG"]

1. e4 c5 2. Nc3 d6 3. g3 Nc6 4. Bg2 g6 5. d3 Bg7 6. Be3 Nd4 7. Nge2 e6 8. Qd2 Qa5 9. 0-0 Ne7 10. Nc1 Rb8 11. Nb3 Qa6 12. f4 0-0 13. Rae1 b5 14. e5 Nef5 15. Bf2 Bb7 16. Ne4 Bxe4 17. dxe4 Nxb3 18. axb3 Nd4 19. Ra1 Qb6 20. exd6 Qxd6 21. Kh1 Qe7 22. e5 Rfd8 23. Qc3 Bf8 24. Ra2 h5 25. Rfa1 Rd7 26. Ra6 Rbd8 27. h3 h4 28. gxh4 0-1

[Event "SCO-ch"]
[Site "Edinburgh"]
[Date "2009.07.18"]
[Round "8"]
[White "Lunn, Matthew"]
[Black "Martin, Katie"]
[Result "1/2-1/2"]
[WhiteElo "1928"]
[BlackElo "1906"]
[PlyCount "23"]
[EventDate "2009.07.11"]
[EventType "swiss"]
[EventRounds "9"]
[EventCountry "SCO"]
[SourceTitle "CBM 131 Extra"]
[Source "ChessBase"]
[SourceDate "2009.09.03"]
[SourceVersion "2"]
[SourceVersionDate "2009.09.16"]
[SourceQuality "1"]

1. d4 Nf6 2. c4 g6 3. Nc3 Bg7 4. Nf3 0-0 5. e4 d6 6. Be2 Na6 7. 0-0 e5 8. Be3 exd4 9. Nxd4 Re8 10. f3 c6 11. Nc2 Qe7 12. Qd2 1/2-1/2

[Event "SCO-ch"]
[Site "Edinburgh"]
[Date "2009.07.15"]
[Round "5"]
[White "Mitchell, Martin"]
[Black "Martin, Katie"]
[Result "1-0"]
[WhiteElo "2147"]
[BlackElo "1906"]
[PlyCount "103"]
[EventDate "2009.07.11"]
[EventType "swiss"]
[EventRounds "9"]
[EventCountry "SCO"]
[SourceTitle "CBM 131 Extra"]
[Source "ChessBase"]
[SourceDate "2009.09.03"]
[SourceVersion "2"]
[SourceVersionDate "2009.09.16"]
[SourceQuality "1"]

1. d4 Nf6 2. c4 g6 3. Nc3 d5 4. cxd5 Nxd5 5. e4 Nxc3 6. bxc3 Bg7 7. Nf3 c5 8. Rb1 0-0 9. Be2 Nc6 10. d5 Na5 11. c4 Bg4 12. 0-0 Qc7 13. Ne1 Bxe2 14. Qxe2 a6 15. Bd2 Rab8 16. e5 b6 17. Nf3 Nb7 18. Rfe1 Rfd8 19. Qe4 h6 20. Bf4 e6 21. dxe6 fxe6 22. Qxg6 Qf7 23. Qxf7+ Kxf7 24. Rxb6 Na5 25. Rxa6 Nxc4 26. Ra7+ Kf8 27. Rc7 Nb2 28. Be3 c4 29. Bd4 Nd3 30. Rf1 Rbc8 31. Rxc8 Rxc8 32. Bc3 Nc5 33. Bb4 Ke8 34. Bxc5 Rxc5 35. Rc1 Bxe5 36. Nxe5 Rxe5 37. Kf1 Rc5 38. Ke2 Kd7 39. Rc2 Kc6 40. Ke3 Kb5 41. Rb2+ Ka4 42. Kd4 c3 43. Rb1 Rc7 44. Kd3 e5 45. Kc2 Rg7 46. g3 Rf7 47. f4 exf4 48. Rf1 f3 49. Kxc3 Re7 50. Rxf3 Re2 51. Rf4+ Ka3 52. Rf6 1-0

[Event "BCF-chT3 0708 (4NCL)"]
[Site "Sunningdale"]
[Date "2008.03.01"]
[Round "7.8"]
[White "Martin, Katie"]
[Black "Van Kemenade, Julie"]
[Result "1-0"]
[WhiteElo "1906"]
[BlackElo "1764"]
[PlyCount "71"]
[EventDate "2007.09.15"]
[EventType "team-tourn"]
[EventRounds "11"]
[EventCountry "ENG"]
[SourceTitle "EXT 2023"]
[Source "ChessBase"]
[SourceDate "2022.10.05"]
[SourceVersion "1"]
[SourceVersionDate "2022.10.05"]
[SourceQuality "1"]
[WhiteTeam "Slough Sharks II"]
[BlackTeam "SW Dragons II"]
[WhiteTeamCountry "ENG"]
[BlackTeamCountry "ENG"]

1. e4 g6 2. d4 Bg7 3. Nc3 d6 4. Be3 c6 5. Qd2 Nd7 6. Nf3 b5 7. a3 Nb6 8. h3 h5 9. Rb1 Bd7 10. b3 Rc8 11. Bd3 Rc7 12. 0-0 Qc8 13. Rfe1 Bxh3 14. gxh3 Qxh3 15. Nh2 Nh6 16. Bf1 Qd7 17. d5 Ng4 18. Bd4 Bh6 19. f4 0-0 20. dxc6 Qxc6 21. Bxb5 Qb7 22. Nxg4 hxg4 23. Qh2 Bg7 24. Bxg7 Kxg7 25. Qg3 Rh8 26. Bf1 f5 27. Bg2 Qc8 28. Nd5 Rxc2 29. Nxe7 Qc5+ 30. Qe3 Rxg2+ 31. Kxg2 Qc2+ 32. Qe2 Qc7 33. exf5 Nd7 34. fxg6 Nf6 35. Qc4 Qb7+ 36. Qc6 1-0

[Event "EU-ch U18 Girls 17th"]
[Site "Sibenik"]
[Date "2007.09.17"]
[Round "4"]
[White "Cucarella Montell, Angels"]
[Black "Martin, Katie"]
[Result "0-1"]
[WhiteElo "1921"]
[BlackElo "1928"]
[PlyCount "104"]
[EventDate "2007.09.14"]
[EventType "swiss"]
[EventRounds "9"]
[EventCountry "CRO"]
[SourceTitle "CBM 120 Extra"]
[Source "ChessBase"]
[SourceDate "2007.11.01"]
[SourceVersion "1"]
[SourceVersionDate "2007.11.01"]
[SourceQuality "1"]

1. e4 e5 2. Nf3 Nc6 3. Bb5 a6 4. Ba4 Nf6 5. d3 b5 6. Bb3 Be7 7. c3 d6 8. 0-0 0-0 9. Nbd2 Na5 10. Bc2 c5 11. Re1 Re8 12. Nf1 Bf8 13. Bg5 h6 14. Bh4 Be7 15. h3 Nh5 16. Bxe7 Qxe7 17. d4 Nf4 18. Ne3 cxd4 19. cxd4 Bb7 20. Qd2 Nc4 21. Qb4 Nxe3 22. fxe3 Nh5 23. Rad1 Rac8 24. Rc1 Nf6 25. Nd2 Rc7 26. Bd3 Rxc1 27. Rxc1 exd4 28. exd4 Nxe4 29. Re1 d5 30. Qb3 Qh4 31. Nf3 Qf2+ 32. Kh2 Re6 33. Re2 Qg3+ 34. Kg1 Rc6 35. Qd1 Rf6 36. Bxe4 dxe4 37. Ne5 e3 38. Ng4 Rf2 39. Nxe3 Bxg2 40. Rxf2 Bf3+ 41. Rg2 Qxg2+ 42. Nxg2 Bxd1 43. Kf2 Bc2 44. Nf4 Kf8 45. Nd5 Be4 46. Nc7 Bb7 47. d5 Ke7 48. d6+ Kd7 49. h4 g6 50. h5 Kxd6 51. Ne8+ Ke7 52. hxg6 fxg6 0-1

[Event "BCF-chT3 0607 (4NCL)"]
[Site "Sunningdale"]
[Date "2006.11.12"]
[Round "4.7"]
[White "Van Kemenade, Rudy"]
[Black "Martin, Katie"]
[Result "1-0"]
[WhiteElo "2052"]
[BlackElo "1939"]
[PlyCount "60"]
[EventDate "2006.09.16"]
[EventType "team"]
[EventRounds "11"]
[EventCountry "ENG"]
[SourceTitle "EXT 2008"]
[Source "ChessBase"]
[SourceDate "2007.11.25"]
[SourceVersion "1"]
[SourceVersionDate "2007.11.25"]
[SourceQuality "1"]
[WhiteTeam "SW Dragons II"]
[BlackTeam "Slough Sharks III"]
[WhiteTeamCountry "ENG"]
[BlackTeamCountry "ENG"]

1. d4 Nf6 2. Nf3 g6 3. c4 c5 4. Nc3 Bg7 5. d5 d6 6. Bg5 h6 7. Bh4 Na6 8. e3 Nc7 9. Be2 a6 10. a4 Rb8 11. 0-0 0-0 12. h3 Bd7 13. e4 Nfe8 14. Re1 b5 15. axb5 axb5 16. cxb5 Bxb5 17. e5 dxe5 18. Bxb5 Nxb5 19. Nxe5 Nd4 20. Nc6 Nxc6 21. dxc6 g5 22. Bg3 Qxd1 23. Raxd1 Bxc3 24. bxc3 Rc8 25. Rxe7 Rxc6 26. Rdd7 c4 27. Be5 Rc5 28. Bd4 Rc6 29. Kf1 Nd6 30. g4 Nb5 1-0

[Event "Politiken Cup 28th"]
[Site "Copenhagen"]
[Date "2006.07.29"]
[Round "8"]
[White "Jacobsen, Per Wurtz"]
[Black "Martin, Katie"]
[Result "0-1"]
[WhiteElo "2055"]
[BlackElo "1939"]
[PlyCount "36"]
[EventDate "2006.07.22"]
[EventType "swiss"]
[EventRounds "9"]
[EventCountry "DEN"]
[SourceTitle "CBM 113 Extra"]
[Source "ChessBase"]
[SourceDate "2006.09.14"]
[SourceVersion "1"]
[SourceVersionDate "2006.09.14"]
[SourceQuality "1"]

1. b3 e5 2. Bb2 Nc6 3. e3 d5 4. Bb5 Bd6 5. Bxc6+ bxc6 6. Nf3 Qe7 7. 0-0 Bg4 8. h3 Bh5 9. d3 Nf6 10. Nbd2 e4 11. g4 Nxg4 12. hxg4 Bxg4 13. dxe4 dxe4 14. Nxe4 Qxe4 15. Ng5 Qf5 16. f3 Qxg5 17. fxg4 Qxe3+ 18. Rf2 Bc5 0-1

[Event "Politiken Cup 28th"]
[Site "Copenhagen"]
[Date "2006.07.27"]
[Round "6"]
[White "Rosenkilde, Alexander"]
[Black "Martin, Katie"]
[Result "1-0"]
[WhiteElo "2054"]
[BlackElo "1939"]
[PlyCount "99"]
[EventDate "2006.07.22"]
[EventType "swiss"]
[EventRounds "9"]
[EventCountry "DEN"]
[SourceTitle "CBM 113 Extra"]
[Source "ChessBase"]
[SourceDate "2006.09.14"]
[SourceVersion "1"]
[SourceVersionDate "2006.09.14"]
[SourceQuality "1"]

1. d4 Nf6 2. c4 c5 3. Nf3 g6 4. Nc3 Bg7 5. e4 cxd4 6. Nxd4 d6 7. Be2 Bd7 8. Be3 0-0 9. f3 Nc6 10. Qd2 Rc8 11. 0-0 Ne5 12. b3 Bc6 13. Rac1 Re8 14. g4 Qd7 15. h3 Qc7 16. Ncb5 Bxb5 17. Nxb5 Qd7 18. Nxa7 Ra8 19. Nb5 h5 20. Rc2 Kh7 21. c5 d5 22. Nc3 dxe4 23. Qxd7 Nfxd7 24. Nxe4 hxg4 25. hxg4 Nc6 26. Rd1 Nf6 27. Ng5+ Kg8 28. Rcd2 e6 29. Kg2 Nd5 30. Kf2 Bc3 31. a4 Bxd2 32. Bxd2 Nd4 33. Bc4 Nc6 34. Bc1 Rad8 35. Bb2 Ndb4 36. Rh1 Nd4 37. f4 f6 38. Ne4 Kg7 39. Nd6 Re7 40. Bxd4 e5 41. fxe5 fxe5 42. Bc3 Rf8+ 43. Kg3 Nc6 44. Bd2 Rh8 45. Rxh8 Kxh8 46. Bg5 Rc7 47. Bf6+ Kh7 48. Nf7 Na5 49. Ng5+ Kh6 50. Bg8 1-0

[Event "Politiken Cup 28th"]
[Site "Copenhagen"]
[Date "2006.07.26"]
[Round "5"]
[White "Martin, Katie"]
[Black "Olsson, Tomas"]
[Result "1/2-1/2"]
[WhiteElo "1939"]
[BlackElo "2084"]
[PlyCount "36"]
[EventDate "2006.07.22"]
[EventType "swiss"]
[EventRounds "9"]
[EventCountry "DEN"]
[SourceTitle "CBM 113 Extra"]
[Source "ChessBase"]
[SourceDate "2006.09.14"]
[SourceVersion "1"]
[SourceVersionDate "2006.09.14"]
[SourceQuality "1"]

1. e4 e5 2. Nc3 Nf6 3. Nf3 Nc6 4. d4 exd4 5. Nxd4 Bb4 6. Nxc6 bxc6 7. Bd3 d5 8. exd5 cxd5 9. 0-0 0-0 10. Bg5 c6 11. Qf3 h6 12. Bxf6 Qxf6 13. Qxf6 gxf6 14. Ne2 Be6 15. Nd4 c5 16. Nf5 Bxf5 17. Bxf5 Rab8 18. Rfd1 Rfd8 1/2-1/2

[Event "BCF-chT4 0506 (4NCL)"]
[Site "West Bromwich"]
[Date "2006.03.19"]
[Round "8.4"]
[White "Burnell, Stephen"]
[Black "Martin, Katie"]
[Result "1-0"]
[WhiteElo "1960"]
[BlackElo "2035"]
[PlyCount "73"]
[EventDate "2005.11.05"]
[EventType "team"]
[EventRounds "11"]
[EventCountry "ENG"]
[SourceTitle "CBM 109 Extra"]
[Source "ChessBase"]
[SourceDate "2006.01.03"]
[SourceVersion "2"]
[SourceVersionDate "2006.01.03"]
[SourceQuality "1"]
[WhiteTeam "Braille Chess Association"]
[BlackTeam "3CS Oldham II"]
[WhiteTeamCountry "ENG"]
[BlackTeamCountry "ENG"]

1. d4 Nf6 2. c4 c5 3. d5 b5 4. Nf3 d6 5. a4 bxc4 6. Nc3 g6 7. e4 Bg7 8. Bxc4 Nbd7 9. 0-0 0-0 10. Re1 Ng4 11. h3 Nge5 12. Nxe5 Nxe5 13. Bf1 Qa5 14. Bd2 Qb6 15. a5 Qc7 16. f4 Nd7 17. Kh1 Rb8 18. Nb5 Qd8 19. Nxa7 Rxb2 20. Nc6 Qe8 21. Rb1 c4 22. Bxc4 Nc5 23. Rxb2 Bxb2 24. e5 dxe5 25. fxe5 Bb7 26. Qc2 Bxc6 27. Qxb2 Bxd5 28. Bxd5 Nd3 29. Qb6 Nxe1 30. Bxe1 Qa4 31. Bf3 Qa1 32. Qb4 Rc8 33. Kh2 Rc1 34. Bd2 Rh1+ 35. Kg3 Qxe5+ 36. Bf4 Qf6 37. Qb8+ 1-0

[Event "Monarch Assurance 14th"]
[Site "Port Erin"]
[Date "2005.09.29"]
[Round "6"]
[White "Lohou, Stephane"]
[Black "Martin, Katie"]
[Result "1-0"]
[WhiteElo "2144"]
[BlackElo "1953"]
[PlyCount "49"]
[EventDate "2005.09.24"]
[EventType "swiss"]
[EventRounds "9"]
[EventCountry "IOM"]
[SourceTitle "CBM 108 Extra"]
[Source "ChessBase"]
[SourceDate "2005.11.04"]
[SourceVersion "1"]
[SourceVersionDate "2005.11.04"]
[SourceQuality "1"]

1. e4 e5 2. f4 exf4 3. Bc4 Be7 4. d4 Bh4+ 5. Kf1 d5 6. Bxd5 Nf6 7. Nc3 Nxd5 8. Nxd5 0-0 9. Nxf4 Re8 10. g3 Bf6 11. c3 Rxe4 12. Qf3 Qe8 13. Bd2 Bd7 14. Ngh3 Bb5+ 15. Kf2 Na6 16. Rhe1 Rxe1 17. Rxe1 Qc6 18. Nd5 Re8 19. Rxe8+ Qxe8 20. Nxf6+ gxf6 21. Bh6 Qe6 22. Qh5 c6 23. Nf4 Qd7 24. b3 c5 25. a4 1-0

[Event "Monarch Assurance 14th"]
[Site "Port Erin"]
[Date "2005.09.27"]
[Round "4"]
[White "Groffen, Hans"]
[Black "Martin, Katie"]
[Result "1/2-1/2"]
[WhiteElo "2210"]
[BlackElo "1953"]
[PlyCount "85"]
[EventDate "2005.09.24"]
[EventType "swiss"]
[EventRounds "9"]
[EventCountry "IOM"]
[SourceTitle "CBM 108 Extra"]
[Source "ChessBase"]
[SourceDate "2005.11.04"]
[SourceVersion "1"]
[SourceVersionDate "2005.11.04"]
[SourceQuality "1"]

1. d4 Nf6 2. c4 c5 3. d5 b5 4. cxb5 a6 5. bxa6 Bxa6 6. Nc3 d6 7. Nf3 g6 8. g3 Bg7 9. Bg2 0-0 10. Rb1 Nbd7 11. 0-0 Ne8 12. Qc2 Nc7 13. Re1 Ra7 14. e4 Qa8 15. b3 Rb8 16. Bg5 Re8 17. a4 h6 18. Bd2 Rb8 19. h4 Rab7 20. h5 g5 21. e5 dxe5 22. Bxg5 hxg5 23. Nxg5 Nf8 24. Be4 Bh6 25. Nf3 f6 26. Nh4 Ne8 27. Nf5 Bg5 28. d6 exd6 29. Bd5+ Kh8 30. f4 exf4 31. Re7 Qa7 32. Rbe1 c4+ 33. Kh1 cxb3 34. Qb2 Rxe7 35. Rxe7 Qc5 36. gxf4 Bxf4 37. Qg2 Bg5 38. Nh6 Bc4 39. Nf7+ Kg8 40. Nh6+ Kh8 41. Nf7+ Kg8 42. Nh6+ Kh8 43. Nf7+ 1/2-1/2

[Event "BCF-chT 0405 (4NCL)"]
[Site "West Bromwich"]
[Date "2004.09.18"]
[Round "1.8"]
[White "Martin, Katie"]
[Black "Yurenok, Maria S"]
[Result "1-0"]
[WhiteElo "1977"]
[BlackElo "2078"]
[PlyCount "109"]
[EventDate "2004.09.18"]
[EventType "team"]
[EventRounds "11"]
[EventCountry "ENG"]
[SourceTitle "EXT 2006"]
[Source "ChessBase"]
[SourceDate "2005.11.24"]
[SourceVersion "1"]
[SourceVersionDate "2005.11.24"]
[SourceQuality "1"]
[WhiteTeam "Numerica 3CS"]
[BlackTeam "Guildford II"]
[WhiteTeamCountry "ENG"]
[BlackTeamCountry "ENG"]

1. e4 c5 2. Nc3 Nc6 3. d3 g6 4. Be3 d6 5. g3 Bg7 6. Qd2 e5 7. Bg2 Nge7 8. f4 0-0 9. Nf3 Nd4 10. 0-0 Rb8 11. Rab1 f6 12. Ne2 d5 13. fxe5 fxe5 14. Nexd4 cxd4 15. Bh6 dxe4 16. dxe4 Nc6 17. Bxg7 Kxg7 18. c3 Bg4 19. cxd4 Bxf3 20. Bxf3 Qxd4+ 21. Qxd4 Nxd4 22. Bg4 h5 23. Bh3 Rbd8 24. Kh1 Rf6 25. Rxf6 Kxf6 26. Rf1+ Ke7 27. Rc1 Nc6 28. a3 Rd4 29. Bc8 Kd6 30. Bxb7 Na5 31. Bd5 Rd3 32. b4 Nb3 33. Rc6+ Kd7 34. Rxg6 Nd2 35. Rg7+ Kd6 36. Rxa7 Nf1 37. Bc4 Rd1 38. Bxf1 Rxf1+ 39. Kg2 Re1 40. Kf3 Rb1 41. Rh7 Rb3+ 42. Kg2 Rxa3 43. Rxh5 Rb3 44. Rh6+ Ke7 45. Rh7+ Ke6 46. Rb7 Re3 47. b5 Rxe4 48. b6 Rb4 49. Rb8 Kf7 50. b7 Kg7 51. Kf3 Kh7 52. h4 Kg7 53. g4 e4+ 54. Ke3 Kh7 55. h5 1-0

[Event "BCF-chT2 0304 (4NCL)"]
[Site "West Bromwich"]
[Date "2004.05.23"]
[Round "11.4"]
[White "Martin, Katie"]
[Black "Burnett, Jim"]
[Result "0-1"]
[WhiteElo "1993"]
[BlackElo "2205"]
[PlyCount "96"]
[EventDate "2003.11.17"]
[EventType "team"]
[EventRounds "11"]
[EventCountry "ENG"]
[SourceTitle "EXT 2005"]
[Source "ChessBase"]
[SourceDate "2004.11.15"]
[SourceVersion "1"]
[SourceVersionDate "2004.11.15"]
[SourceQuality "1"]
[WhiteTeam "Numerica 3CS II"]
[BlackTeam "White Rose"]
[WhiteTeamCountry "ENG"]
[BlackTeamCountry "ENG"]

1. e4 d5 2. exd5 Qxd5 3. Nf3 Nf6 4. Be2 Bg4 5. d4 c6 6. h3 Bh5 7. 0-0 e6 8. c4 Qa5 9. Nc3 Nbd7 10. a3 Be7 11. Bf4 0-0 12. Qc2 a6 13. Rfd1 b5 14. d5 cxd5 15. cxd5 exd5 16. Nxd5 Nxd5 17. Rxd5 Rac8 18. Qd2 Qxd2 19. Rxd2 Nb6 20. g4 Bg6 21. Ne5 Be4 22. Be3 Nd5 23. Rd4 Nxe3 24. Rxe4 Nd5 25. Rd1 Nf6 26. Red4 Bc5 27. Nd7 Bxd4 28. Nxf8 Bxb2 29. Nd7 Ne8 30. a4 bxa4 31. Nb6 Rc1 32. Rxc1 Bxc1 33. Nxa4 a5 34. Kf1 Kf8 35. Bd1 Ke7 36. Ke2 Kd6 37. Kd3 Ba3 38. Kc4 Bb4 39. Nb6 Ke5 40. Kb5 Nd6+ 41. Ka4 Ne4 42. f4+ Kxf4 43. Nd5+ Kg3 44. Nxb4 axb4 45. Kxb4 Kxh3 46. Kc4 Nf2 47. Bc2 h6 48. Kd5 Kxg4 0-1

[Event "BCF-chT2 0304 (4NCL)"]
[Site "West Bromwich"]
[Date "2004.05.02"]
[Round "8.8"]
[White "Khoo, Teresa"]
[Black "Martin, Katie"]
[Result "1-0"]
[WhiteElo "2044"]
[BlackElo "1993"]
[PlyCount "57"]
[EventDate "2003.11.17"]
[EventType "team"]
[EventRounds "11"]
[EventCountry "ENG"]
[SourceTitle "EXT 2005"]
[Source "ChessBase"]
[SourceDate "2004.11.15"]
[SourceVersion "1"]
[SourceVersionDate "2004.11.15"]
[SourceQuality "1"]
[WhiteTeam "Wessex"]
[BlackTeam "Numerica 3CS II"]
[WhiteTeamCountry "ENG"]
[BlackTeamCountry "ENG"]

1. e4 e5 2. Nf3 Nf6 3. d4 Nxe4 4. dxe5 d5 5. Bd3 Be7 6. 0-0 0-0 7. c4 f5 8. cxd5 Qxd5 9. Qe2 Kh8 10. Re1 Nc5 11. Bc4 Qe4 12. Be3 f4 13. Nc3 Qg6 14. Bd2 Bh3 15. Qf1 Nc6 16. Nd5 Bg4 17. Nxe7 Nxe7 18. Bb4 Qb6 19. Bxc5 Qxc5 20. Ng5 h6 21. Nf7+ Kh7 22. h3 Bh5 23. e6 b5 24. Bb3 Bxf7 25. exf7 Qg5 26. Qe2 Nc6 27. Qe4+ Qg6 28. Qxg6+ Kxg6 29. Re6+ 1-0

[Event "BCF-chT2 0304 (4NCL)"]
[Site "West Bromwich"]
[Date "2004.03.20"]
[Round "5.8"]
[White "Martin, Katie"]
[Black "Wilson, Julie Christine"]
[Result "1/2-1/2"]
[WhiteElo "1987"]
[BlackElo "1720"]
[PlyCount "39"]
[EventDate "2003.11.17"]
[EventType "team"]
[EventRounds "11"]
[EventCountry "ENG"]
[SourceTitle "EXT 2005"]
[Source "ChessBase"]
[SourceDate "2004.11.15"]
[SourceVersion "1"]
[SourceVersionDate "2004.11.15"]
[SourceQuality "1"]
[WhiteTeam "Numerica 3CS II"]
[BlackTeam "SW Dragons"]
[WhiteTeamCountry "ENG"]
[BlackTeamCountry "ENG"]

1. e4 e6 2. d4 d5 3. Nd2 c5 4. exd5 Qxd5 5. Ndf3 Nf6 6. c3 Nc6 7. Ne2 Bd6 8. a3 cxd4 9. Nexd4 Nxd4 10. Qxd4 Qxd4 11. Nxd4 a6 12. Bd3 e5 13. Nf5 Bf8 14. Bc2 Be6 15. 0-0 g6 16. Ng3 Be7 17. Bh6 Nd7 18. Rfe1 f6 19. Ne4 0-0-0 20. Be3 1/2-1/2

[Event "BCF-chT2 0304 (4NCL)"]
[Site "West Bromwich"]
[Date "2004.01.17"]
[Round "3.8"]
[White "Connolly, Suzanne"]
[Black "Martin, Katie"]
[Result "1/2-1/2"]
[WhiteElo "2072"]
[BlackElo "1987"]
[PlyCount "68"]
[EventDate "2003.11.17"]
[EventType "team"]
[EventRounds "11"]
[EventCountry "ENG"]
[SourceTitle "EXT 2005"]
[Source "ChessBase"]
[SourceDate "2004.11.15"]
[SourceVersion "1"]
[SourceVersionDate "2004.11.15"]
[SourceQuality "1"]
[WhiteTeam "Kings Head"]
[BlackTeam "Numerica 3CS II"]
[WhiteTeamCountry "ENG"]
[BlackTeamCountry "ENG"]

1. e4 e5 2. Nf3 Nc6 3. Bb5 a6 4. Ba4 Nf6 5. d3 b5 6. Bb3 Bc5 7. 0-0 0-0 8. c3 d6 9. a4 Rb8 10. Nbd2 Be6 11. Bc2 Bb6 12. b4 Ne7 13. d4 Ng6 14. Re1 a5 15. Bb2 axb4 16. axb5 bxc3 17. Bxc3 exd4 18. Bxd4 Bg4 19. Qc1 Bd7 20. Bd3 Nf4 21. Bf1 Ne6 22. Nb3 Nxd4 23. Nfxd4 Ng4 24. h3 Qf6 25. hxg4 Bxd4 26. Nxd4 Qxd4 27. Qxc7 Bxb5 28. Bxb5 Rxb5 29. Rad1 Qf6 30. Qxd6 Qh4 31. Qd3 Rg5 32. Qh3 Rxg4 33. Qxh4 Rxh4 34. g3 Rh6 1/2-1/2

[Event "BCF-chT3 0203 (4NCL)"]
[Site "West Bromwich"]
[Date "2003.05.26"]
[Round "11.5"]
[White "Hulmes, David I"]
[Black "Martin, Katie"]
[Result "1-0"]
[WhiteElo "2136"]
[BlackElo "2013"]
[PlyCount "39"]
[EventDate "2002.11.??"]
[EventType "team"]
[EventRounds "11"]
[EventCountry "ENG"]
[SourceTitle "EXT 2004"]
[Source "ChessBase"]
[SourceDate "2003.11.25"]
[SourceVersion "1"]
[SourceVersionDate "2003.11.25"]
[SourceQuality "1"]
[WhiteTeam "NW Eagles II"]
[BlackTeam "Numerica 3CS II"]
[WhiteTeamCountry "ENG"]
[BlackTeamCountry "ENG"]

1. e4 e5 2. Nf3 Nc6 3. Bb5 a6 4. Ba4 Nf6 5. 0-0 b5 6. Bb3 Bc5 7. c3 d6 8. a4 Rb8 9. d3 0-0 10. axb5 axb5 11. Bg5 Bb6 12. Na3 Na5 13. Ba2 Ba6 14. b4 Nb7 15. Nc2 Ra8 16. Ne3 h6 17. Bh4 Bxe3 18. fxe3 Qe7 19. Bd5 Rfc8 20. Rxa6 1-0

[Event "BCF-chT3 0203 (4NCL)"]
[Site "West Bromwich"]
[Date "2003.05.25"]
[Round "10.8"]
[White "Norman, Dinah M"]
[Black "Martin, Katie"]
[Result "1/2-1/2"]
[WhiteElo "2021"]
[BlackElo "2013"]
[PlyCount "46"]
[EventDate "2002.11.??"]
[EventType "team"]
[EventRounds "11"]
[EventCountry "ENG"]
[SourceTitle "EXT 2004"]
[Source "ChessBase"]
[SourceDate "2003.11.25"]
[SourceVersion "1"]
[SourceVersionDate "2003.11.25"]
[SourceQuality "1"]
[WhiteTeam "Wessex II"]
[BlackTeam "Numerica 3CS II"]
[WhiteTeamCountry "ENG"]
[BlackTeamCountry "ENG"]

1. d4 Nf6 2. Nf3 g6 3. Bg5 Bg7 4. Nbd2 d5 5. e3 0-0 6. Be2 b6 7. 0-0 Ba6 8. c3 Bxe2 9. Qxe2 e6 10. e4 Qc8 11. e5 Nfd7 12. Qe3 c5 13. Bh6 Nc6 14. Rac1 Ne7 15. Bxg7 Kxg7 16. Qg5 Nf5 17. h4 Qd8 18. Qf4 Qe7 19. Rfe1 Rac8 20. Nf1 cxd4 21. cxd4 Qb4 22. g4 Ne7 23. Rxc8 Nxc8 1/2-1/2

[Event "BCF-chT3 0203 (4NCL)"]
[Site "West Bromwich"]
[Date "2003.01.19"]
[Round "4.8"]
[White "Broomfield, Lucy J"]
[Black "Martin, Katie"]
[Result "1/2-1/2"]
[WhiteElo "2019"]
[BlackElo "1584"]
[PlyCount "97"]
[EventDate "2002.11.??"]
[EventType "team"]
[EventRounds "11"]
[EventCountry "ENG"]
[SourceTitle "EXT 2004"]
[Source "ChessBase"]
[SourceDate "2003.11.25"]
[SourceVersion "1"]
[SourceVersionDate "2003.11.25"]
[SourceQuality "1"]
[WhiteTeam "Mindsports"]
[BlackTeam "Numerica 3CS II"]
[WhiteTeamCountry "ENG"]
[BlackTeamCountry "ENG"]

1. e4 e5 2. Nf3 Nc6 3. Bc4 Nf6 4. d3 h6 5. c3 Be7 6. h3 d6 7. 0-0 0-0 8. Re1 Re8 9. b4 a6 10. Bb2 Be6 11. Nbd2 Bf8 12. a3 Ne7 13. Bxe6 fxe6 14. d4 exd4 15. cxd4 Ng6 16. Qc2 Nh8 17. Re3 Qd7 18. Nb3 Nf7 19. Rae1 Re7 20. d5 e5 21. Na5 Rb8 22. Rc1 Qd8 23. Rc3 Ne8 24. Nh4 Rd7 25. Nf5 Ng5 26. Qe2 Nf6 27. Ng3 Nf7 28. Rf1 Nh8 29. Nf5 Ng6 30. g3 Qe8 31. h4 Ne7 32. Rf3 Qh5 33. Qd3 Nxf5 34. Rxf5 Qg4 35. Re1 Rf7 36. Bc1 Nh7 37. Rxf7 Kxf7 38. Qc3 Qd7 39. Rf1 Kg8 40. Qf3 Be7 41. Nc4 Rf8 42. Qe2 Nf6 43. Kg2 Qe8 44. f3 Qg6 45. Kh2 Nh5 46. Rg1 Qf7 47. Rf1 Qg6 48. Rg1 Qf7 49. Rf1 1/2-1/2

[Event "EU-ch U14 Girls"]
[Site "Budva"]
[Date "2003.??.??"]
[Round "8"]
[White "Sgircea, Silvia Raluca"]
[Black "Martin, Katie"]
[Result "1-0"]
[WhiteElo "2226"]
[BlackElo "2005"]
[PlyCount "43"]
[EventDate "2003.09.13"]
[EventType "swiss"]
[EventRounds "9"]
[EventCountry "YUG"]
[SourceTitle "CBM 096 Extra"]
[Source "ChessBase"]
[SourceDate "2003.10.22"]
[SourceVersion "2"]
[SourceVersionDate "2003.10.20"]
[SourceQuality "1"]

1. e4 e5 2. Nf3 Nf6 3. d4 Nxe4 4. Bd3 d5 5. Nxe5 Bd6 6. Nd2 Nxd2 7. Bxd2 0-0 8. 0-0 c6 9. Qh5 g6 10. Qf3 Qc7 11. Bh6 Re8 12. Rae1 Be6 13. Ng4 Nd7 14. Nf6+ Nxf6 15. Qxf6 Bf8 16. Bxf8 Rxf8 17. f4 Rae8 18. f5 Bc8 19. fxg6 fxg6 20. Rxe8 Rxe8 21. Bxg6 Rd8 22. Bf7+ 1-0

[Event "BCF-chT3 0203 (4NCL)"]
[Site "West Bromwich"]
[Date "2002.11.09"]
[Round "1.8"]
[White "Martin, Katie"]
[Black "Van Kemenade, Julie"]
[Result "1-0"]
[WhiteElo "1584"]
[BlackElo "1664"]
[PlyCount "35"]
[EventDate "2002.11.??"]
[EventType "team"]
[EventRounds "11"]
[EventCountry "ENG"]
[SourceTitle "EXT 2004"]
[Source "ChessBase"]
[SourceDate "2003.11.25"]
[SourceVersion "1"]
[SourceVersionDate "2003.11.25"]
[SourceQuality "1"]
[WhiteTeam "Numerica 3CS II"]
[BlackTeam "White Rose II"]
[WhiteTeamCountry "ENG"]
[BlackTeamCountry "ENG"]

1. e4 d6 2. d4 g6 3. Be3 Nf6 4. Nc3 Bg7 5. f3 Nbd7 6. Bc4 c6 7. Bb3 b5 8. a3 0-0 9. Nge2 a5 10. 0-0 Ba6 11. Re1 Qc7 12. Nf4 Rfd8 13. Qd2 c5 14. Ncd5 Nxd5 15. Nxd5 Qa7 16. Nxe7+ Kf8 17. Nc6 Qb6 18. Nxd8 1-0